000 00779cam a2200229u 4500
001 4260
003 BD-RjUL
005 20211208233849.0
008 131222s1962 enk 000 0 eng
035 _a(BD-RjUL)4295
040 _aDLC
_cCarP
_dDLC
_dBD-RjUL
_beng
041 _aeng
082 0 4 _218
_a342.42
100 1 _aWade, E. C. S.
_q(Emlyn Capel Stewart),
_d1895-1978.
_913502
245 0 0 _aConstitutional law; an outline of the law and practice of the Constitution, including central and local Government and the constitutional relations of the British commonwealth /
_cE C S Wade.
250 _a5th ed.
260 _aLondon ;
_aNew York :
_bLongmans, Green,
_cc1962.
300 _a725 p. ;
_b21 cm.
942 _2ddc
_cBK
999 _c4260
_d4260